Brawlhalla Quiz - Statistics

General Stats
  • This quiz has been taken 2,074 times
  • The average score is 24 of 34
Answer Stats
Weapons Answer % Correct
Hammer / Sword Bödvar
90%
Rocket Lance / Spear Orion
90%
Hammer / Guns Cassidy
83%
Rocket Lance / Guns Lord Vraxx
80%
Spear / Sword Hattori
79%
Scythe / Gauntlets Mordex
76%
Scythe / Guns Nix
76%
Katars / Spear Queen Nai
76%
Rocket Lance / Sword Sir Roland
75%
Spear / Guns Ada
74%
Hammer / Rocket Lance Scarlet
74%
Hammer / Spear Gnash
73%
Hammer / Axe Teros
73%
Rocket Lance / Scythe Artemis
71%
Bow / Katars Ember
71%
Bow / Guns Diana
70%
Bow / Sword Koji
69%
Scythe / Spear Mirage
69%
Katars / Sword Asuri
68%
Gauntlets / Sword Val
68%
Gauntlets / Spear Wu Shang
67%
Axe / Spear Brynn
66%
Gauntlets / Hammer Kor
66%
Katars / Gauntlets Caspian
65%
Katars / Guns Lucien
65%
Hammer / Katars Sentinel
65%
Axe / Rocket Lance Ulgrim
65%
Axe / Bow Azoth
64%
Guns / Sword Thatch
64%
Guns / Gauntlets Cross
63%
Katars / Axe Ragnir
62%
Bow / Hammer Yumiko
62%
Guns / Axe Barraza
60%
Axe / Sword Jhala
59%
No matching quizzes found
Score Distribution
Percent of People with Each Score
Percentile by Number Answered
Your Score History
You have not taken this quiz